000 00489nam a2200145Ia 4500
008 151213s9999 xx 000 0 und d
100 _aমোবাশ্বেও আলী।
245 _aঈস্কিলাস আগামেনন
_cমোবাশ্বেও আলী।
260 _aঢাকা
_bঐতিহ্য।
_c2001
300 _a8771 p.
650 _aBangla
650 _aউপন্যাস
700 _aমোবাশ্বেও আলী।
999 _c4556
_d4556